000 00939nam a2200277 a 4500
001 000005987
005 20200929151855.0
008 090825s2000 dr 001 0 spa d
020 _a9993444006
020 _a9789993444008
040 _aDO-SdBNP
_bspa
_cBNPHU
082 _a346.7293
_bR426c, 2000
110 1 _aRepública Dominicana
_9447
240 1 0 _aCódigo civil
245 1 0 _aCódigo civil de la República Dominicana /
_cJuan Pablo Acosta.
250 _a3a ed. de bolsillo
260 _aMoca, República Dominicana :
_bDalis,
_c2000.
300 _a500 p. ;
_c15 cm.
500 _aIncluye índice analítico
500 _aIncluye referencias bibliográficas y notas al pie de las páginas
590 _aInventariado, 2018/LP
650 4 _aDerecho civil
_zRepública Dominicana
_91058
650 4 _aDerecho civil
_xLegislación
_99313
700 1 _aAcosta, Juan Pablo
_911716
910 _aValidado. Control de calidad MMOLINA
999 _c5783
_d5783